Szczegóły MARC21

Der Schimmelreiter /

003 -Nazwa inst., której nr kontr. jest w polu 001 [,]
    • @
    • Nazwa instytucji, której n kontrolny jest w polu 001
    • NUKAT
005 -DATA I CZAS OSTATNIEJ MODYFIKACJI [,]
    • @
    • pole kontrolne
    • 20250718173642.0
020 -Międzynarod. znormalizowany nr książki - ISBN [ , ]
    • a
    • Numer ISBN
    • 3872910019 Find
040 -Instytucja sporządzająca opis [ , ]
    • a
    • Instytucja, która sporządziła opis (NP)
    • KR 119/IK
    • c
    • Instytucja, która sporządziła rekord (NP)
    • KR 119/IKs
    • d
    • Instytucja, która zmodyfikowała rekord (P)
    • KAT U/46MM
942 -Rodzaj dokumentu [ , ]
    • c
    • Rodzaj dokumentu
    • Książka
100 -Hasło główne - nazwa osobowa [1, ]
    • a
    • Nazwa osobowa (NP)
    • Storm, Theodor
    • d
    • Daty biograficzne (NP)
    • (1817-1888).
    • 9
    • KHW
    • 9690
240 -Tytuł ujednolicony [1,0]
    • a
    • Tytuł ujednolicony
    • Schimmelreiter
    • l
    • Język tekstu
    • (niem.)
    • 9
    • KHW
    • 50968
245 -Strefa tytułu i oznaczenia odpowiedzialności [1,4]
    • a
    • Tytuł
    • Der Schimmelreiter / Find
    • c
    • Pozostałe elementy strefy tytułu i oznaczenia odpowiedzialności (NP)
    • Theodor Storm.
260 -Strefa adresu wydawniczego [ , ]
    • a
    • Miejsce wydania (P)
    • Husum/Nordsee :
    • b
    • Nazwa wydawcy (P)
    • Hamburger Lesegefte Verlag,
    • c
    • Data wydania (P)
    • [ca 1990].
300 -Strefa opisu fizycznego [ , ]
    • a
    • Określenie formy książki i/lub objętość (NP)
    • 111 s. ;
    • c
    • Format (NP)
    • 20 cm.
336 -Typ zawartości [ , ]
    • a
    • Termin opisujący typ zawartości
    • Tekst
    • b
    • Kod określający zawartość
    • txt
    • 2
    • Źródło (terminu i kodu)
    • rdacontent
337 -Typ mediów [ , ]
    • a
    • Tryb odtwarzania
    • Bez urządzenia pośredniczącego
    • b
    • Kod typu mediów
    • n
    • 2
    • Źródło (terminu i kodu)
    • rdamedia
338 -Typ/rodzaj nośnika [ , ]
    • a
    • Hasło opisujące typ nośnika
    • Wolumin
    • b
    • Kod typu nośnika
    • nc
    • 2
    • Źródło (terminu i kodu)
    • rdacarrier
380 -Deskryptor - Forma dzieła (P) [ , ]
    • a
    • forma dzieła (NP)
    • Proza
490 -Strefa serii i książki wielotomowej - forma nie do wyszukiwania [1, ]
    • a
    • Tytuł (P)
    • Hamburger Lesehefte : ungekürzte Texte mit Nachwort und Anmerkungen ; Find
    • v
    • Numeracja (P)
    • H. 2
830 -Hasło dodatkowe serii i opisu książki wielotomowej - tytuł ujednolicony/tytuł [ ,0]
    • a
    • Tytuł ujednolicony/tytuł (NP)
    • Hamburger Leseheft
    • v
    • Oznaczenie tomu (NP)
    • H. 2
    • 9
    • KHW
    • 401732
510 -Uwaga dot. cytaty bibliograficznej [3, ]
    • a
    • Nazwa źródła
    • Rok wyd. wg: BSZ online.
080 -Uniwersalna Klasyfikacja Dziesiętna [ , ]
    • a
    • Symbol klasyfikacji
    • 830.3=30
655 -Hasło w funkcji tematu formalnego [ ,7]
    • a
    • Hasło
    • Nowele niemieckie
    • y
    • Określnik chronologiczny
    • 1870-1914.
    • 2
    • Źródło terminu
    • kaba
    • 9
    • KHW
    • 359153
980 -Symbol UKD [ , ]
    • a
    • UKD
    • 830.3=30
710 -Hasło dodatkowe - nazwa ciała zbiorowego [2, ]
    • a
    • Nazwa ciała zbiorowego lub nazwa geograficzna jako pierwszy element (NP)
    • Husum Druck- und Verlagsgesellschaft.
    • 4
    • Kod relacji
    • pbl
    • 9
    • KHW
    • 401902
920 -ISBN [ , ]
    • a
    • ISBN
    • 3-87291-001-9 Find
Sygnatura Lokalizacja Data inwentaryzacji Numer inwentarzowy Status udost.
Germ. Opowiadania niemieckieBM1995-12-05G.10718-3
Germ. Opowiadania niemieckieBM1995-12-05G.10719-3
Germ. Opowiadania niemieckieBM1995-12-05G.10720-3
Germ. Opowiadania niemieckieBM1995-12-05G.10721-3
Germ. Opowiadania niemieckieBM1995-12-05G.10722-3
Germ. Opowiadania niemieckieBM1995-12-05G.10723-3
Germ. Opowiadania niemieckieBM1995-12-05G.10724-3
Germ. Opowiadania niemieckieBM1995-12-05G.10725-3
Germ. Opowiadania niemieckieBM1995-12-05G.10726-3
Germ. Opowiadania niemieckieBM1995-12-05G.10727-3
Germ. Opowiadania niemieckieBM1998-09-16G.13859-3
Germ. Opowiadania niemieckieBM1998-09-16G.13860-3
Germ. Opowiadania niemieckieBM1998-09-16G.13861-3
Germ. Opowiadania niemieckieBM1998-09-16G.13862-3
Germ. Opowiadania niemieckieBM1998-09-16G.13863-3
Germ. Opowiadania niemieckieBM1998-09-16G.13864-3
Germ. Opowiadania niemieckieBM1998-09-16G.13865-3
Germ. Opowiadania niemieckieBM1998-09-16G.13866-3
Germ. Opowiadania niemieckieBM1998-09-16G.13867-3
Germ. Opowiadania niemieckieBM2001-05-16G.15701-3
Germ. Opowiadania niemieckieBM2000-02-08G.1328-3
Germ. Opowiadania niemieckieBM2000-02-08G.1329-3
Germ. Opowiadania niemieckieBM2000-02-08G.1330-3
Germ. Opowiadania niemieckieBM2000-02-08G.1331-3
 BM2000-02-08G.1332-3